header

Dreams of a more perfect union (Record no. 4769)

MARC details
000 -LEADER
fixed length control field 01624nam a2200337 a 4500
082 04 - DEWEY DECIMAL CLASSIFICATION NUMBER
Classification number 320.54/0973/09033
100 1# - MAIN ENTRY--AUTHOR NAME
Personal name Kersh, Rogan.
245 10 - TITLE STATEMENT
Title Dreams of a more perfect union
260 ## - PUBLICATION, DISTRIBUTION, ETC. (IMPRINT)
Place of publication Ithaca :
Name of publisher Cornell University Press,
Year of publication c2001.
300 ## - PHYSICAL DESCRIPTION
Number of Pages xi, 358 p. :
Other physical details ill.
505 0# - FORMATTED CONTENTS NOTE
Formatted contents note The rhetorical genesis of American political union -- A theory of political union emerges, 1780s-1820s -- National unity and nation-building, 1820s-1850s -- Conceiving a more moral union, 1850s-1865 -- The terms of reunion -- The ends of union, 1877-1898.
650 #0 - SUBJECT ADDED ENTRY--TOPICAL TERM
Topical Term Nationalism
Topical Term Nationalism
856 40 - ELECTRONIC LOCATION AND ACCESS
Uniform Resource Identifier http://site.ebrary.com/lib/rucke/Doc?id=10001771

No items available.

© 2026 Rongo University
Contact us: librarian | system librarian | Rongo university